| 000 | 00860nam a2200241Ia 4500 | ||
|---|---|---|---|
| 005 | 20221124113742.0 | ||
| 008 | 210716s2011 xx 000 0 und d | ||
| 020 | _a9780070144576 | ||
| 040 | _cAIMIT LIBRARY | ||
| 041 | _aeng | ||
| 082 |
_a621.3821 _22 _bTALA |
||
| 100 |
_aTalukder, Asoke K. _963554 |
||
| 245 |
_aMobile computing: _btechnology applications and service creation / _cBy Asoke K Talukder, Hasan Ahmed and Roopa R Yavagal. |
||
| 250 | _a2nd ed. | ||
| 260 |
_aNew Delhi : _bTata McGraw Hill Publishing Company Ltd , _c2011. |
||
| 300 |
_axliii,627p. ; _c23 cm. |
||
| 650 |
_aMobile computing Architecture _963555 |
||
| 650 |
_aMobile computing through telephony _963556 |
||
| 650 |
_aWireless application protocol _963557 |
||
| 700 |
_aAhmed, Hasan. _963558 |
||
| 700 |
_aYavagal, Roopa R. _963559 |
||
| 942 |
_2ddc _cBK _e2nd _k621.3821 TALA |
||
| 999 |
_c193305 _d193305 |
||